Guess the Car Brand by the Model - Statistics

General Stats
  • This quiz has been taken 37 times
  • The average score is 10 of 15
Answer Stats
Hint Answer % Correct
Mustang RTR Spec 5 Ford
97%
M5 BMW
91%
Civic Type R Honda
91%
Challenger SRT Redeye Dodge
88%
MX-5 Miata Mazda
88%
Cooper S Mini
79%
Model S Tesla
79%
Firebird Pontiac
76%
wrx sti Subaru
71%
Trackhawk Jeep
65%
Monte Carlo Chevrolet
62%
Galant Mitsubishi
50%
Kadett Opel
41%
TSR S Zenvo
26%
ST1 Zenvo
26%
No matching quizzes found
Score Distribution
Percent of People with Each Score
Percentile by Number Answered
Your Score History
You have not taken this quiz